000 00837cab a22002175a 4500
001 L145540
008 081020e20081017xxkad f s 000 0 eng d
035 _a(Sirsi) u145540
041 0 _aeng
100 1 _aWatson, Stuart
245 0 0 _aRegional report
_bEast Midlands
260 _c2008
490 0 _aProperty Week
_v73(42) 17 October 2008, 71-84(8)
520 _aReports on local news and developments, including a business park in Derby. Discusses hopes that a new shopping centre in Leicester will push the city up the UK retail rankings. Looks at the ever greater lengths industrial landlords are going to to attract occupiers.
590 _aKA
651 4 _aEast Midlands (England)
690 _aPROPERTY-COMMERCIAL PROPERTY-COMMERCIAL PROPERTY MARKET
700 1 _aGibson, Rupert
700 1 _aDuxbury, Nick
942 _n0
999 _c80861
_d80861